Detalles MARC
| 000 -LEADER |
| campo de control de longitud fija |
02415cam a2200517 a 4500 |
| 001 - NÚMERO DE CONTROL |
| campo de control |
47906857 |
| 003 - IDENTIFICADOR DE NÚMERO DE CONTROL |
| campo de control |
PE-LiUPU |
| 005 - FECHA Y HORA DE LA ÚLTIMA TRANSACCIÓN |
| campo de control |
20250731184611.0 |
| 008 - DATOS DE LONGITUD FIJA--INFORMACIÓN GENERAL |
| campo de control de longitud fija |
250304b |||||||| |||| 00| 0 spa d |
| 020 ## - NÚMERO INTERNACIONAL ESTÁNDAR DEL LIBRO |
| Número Internacional Estándar del Libro |
9781841272030 |
| 040 ## - FUENTE DE CATALOGACIÓN |
| Centro catalogador/agencia de origen |
OL$ |
| Centro/agencia transcriptor |
PE-LiUPU |
| Centro/agencia modificador |
PE-LiUPU |
| Lengua de catalogación |
spa |
| Normas de descripción |
rda |
| 042 ## - CÓDIGO DE AUTENTICACIÓN |
| Código de autenticación |
lccopycat |
| 043 ## - CÓDIGO DE ÁREA GEOGRÁFICA |
| Código de área geográfica |
a-is--- |
| -- |
a-jo--- |
| 050 00 - SIGNATURA TOPOGRÁFICA DE LA BIBLIOTECA DEL CONGRESO |
| Número de clasificación |
DS111 |
| Número de ítem |
.S77 2001 |
| 082 00 - NÚMERO DE LA CLASIFICACIÓN DECIMAL DEWEY |
| Número de clasificación |
933 |
| Cutter |
S933 |
| Número de edición |
21 |
| 245 00 - MENCIÓN DEL TÍTULO |
| Título |
Studies in the archaeology of the Iron Age in Israel and Jordan / |
| Mención de responsabilidad, etc. |
edited by Amihai Mazar ; with the assistance of Ginny Mathias. |
| 260 ## - PUBLICACIÓN, DISTRIBUCIÓN, ETC. |
| Lugar de publicación, distribución, etc. |
Sheffield, England : |
| Nombre del editor, distribuidor, etc. |
Sheffield Academic Press, |
| Fecha de publicación, distribución, etc. |
c2001. |
| 300 ## - DESCRIPCIÓN FÍSICA |
| Extensión |
337 páginas : |
| Otras características físicas |
ilustraciones. ; |
| Dimensiones |
24 cm. |
| 490 0# - MENCIÓN DE SERIE |
| Mención de serie |
Journal for the study of the Old Testament. Supplement series ; |
| Designación de volumen o secuencia |
331. |
| 500 ## - NOTA GENERAL |
| Nota general |
Based on a colloquium initiated and organized by the Institute of Jewish Studies, University College, London, 16-17, April 1996--Pref. |
| 504 ## - NOTA DE BIBLIOGRAFÍA, ETC. |
| Nota de bibliografía, etc. |
incluye referencias bibliográficas e índice. |
| 505 0# - NOTA DE CONTENIDO CON FORMATO |
| Nota de contenido con formato |
The monarchic period in the Judaean highland -- The heart of the monarchy -- Phoenicians in Western Galilee -- Agricultural terraces and settlement expansion in the highlands of early Iron Age Palestine -- The high places of biblical Dan -- The date of the temple at Arad -- Between archaeology and theology -- Figurines, figures and contexts in Jerusalem and regions to the East in the seventh and sixth centuries BCE -- Ištar as depicted on finds from Israel -- A room with a view -- Jerusalem in the tenth and seventh centuries BCE -- Beth Shean during Iron Age II -- Busayra and Judah. |
| 526 ## - NOTA DE INFORMACIÓN SOBRE EL PROGRAMA DE ESTUDIO |
| Nombre del programa |
Doctorado En Educación Con Mención En Currículo Y Docencia (A Distancia) |
| 526 ## - NOTA DE INFORMACIÓN SOBRE EL PROGRAMA DE ESTUDIO |
| Nombre del programa |
Doctorado En Educación Con Mención En Currículo Y Docencia (Semipresencial) |
| 526 ## - NOTA DE INFORMACIÓN SOBRE EL PROGRAMA DE ESTUDIO |
| Nombre del programa |
Doctorado En Educación Con Mención En Gestión Educativa (A Distancia) |
| 526 ## - NOTA DE INFORMACIÓN SOBRE EL PROGRAMA DE ESTUDIO |
| Nombre del programa |
Doctorado En Educación Con Mención En Gestión Educativa (Semipresencial) |
| 526 ## - NOTA DE INFORMACIÓN SOBRE EL PROGRAMA DE ESTUDIO |
| Nombre del programa |
Derecho semipresencial |
| 526 ## - NOTA DE INFORMACIÓN SOBRE EL PROGRAMA DE ESTUDIO |
| Nombre del programa |
Derecho presencial |
| 526 ## - NOTA DE INFORMACIÓN SOBRE EL PROGRAMA DE ESTUDIO |
| Nombre del programa |
Maestría en teología histórica |
| 526 ## - NOTA DE INFORMACIÓN SOBRE EL PROGRAMA DE ESTUDIO |
| Nombre del programa |
Teología |
| 526 ## - NOTA DE INFORMACIÓN SOBRE EL PROGRAMA DE ESTUDIO |
| Nombre del programa |
Educación primaria |
| 526 ## - NOTA DE INFORMACIÓN SOBRE EL PROGRAMA DE ESTUDIO |
| Nombre del programa |
Educación secundaria, especialidad lingüística e inglés |
| 526 ## - NOTA DE INFORMACIÓN SOBRE EL PROGRAMA DE ESTUDIO |
| Nombre del programa |
Educación secundaria, especialidad ambiental, biología y química |
| 526 ## - NOTA DE INFORMACIÓN SOBRE EL PROGRAMA DE ESTUDIO |
| Nombre del programa |
Arquitectura |
| 650 14 - PUNTO DE ACCESO ADICIONAL DE MATERIA--TÉRMINO DE MATERIA |
| Término de materia o nombre geográfico como elemento de entrada |
Excavaciones arqueologicas. |
| Subdivisión geográfica |
Israel. |
| 9 (RLIN) |
5031 |
| 650 24 - PUNTO DE ACCESO ADICIONAL DE MATERIA--TÉRMINO DE MATERIA |
| Término de materia o nombre geográfico como elemento de entrada |
Edad de hierro |
| Subdivisión geográfica |
Israel. |
| 9 (RLIN) |
5032 |
| 650 24 - PUNTO DE ACCESO ADICIONAL DE MATERIA--TÉRMINO DE MATERIA |
| Término de materia o nombre geográfico como elemento de entrada |
Excavaciones arqueológicas |
| Subdivisión geográfica |
Jordania. |
| 9 (RLIN) |
5031 |
| 650 24 - PUNTO DE ACCESO ADICIONAL DE MATERIA--TÉRMINO DE MATERIA |
| Término de materia o nombre geográfico como elemento de entrada |
Edad de hierro |
| Subdivisión geográfica |
Jordania. |
| 9 (RLIN) |
5032 |
| 651 24 - PUNTO DE ACCESO ADICIONAL DE MATERIA--NOMBRE GEOGRÁFICO |
| Nombre geográfico |
Israel |
| Subdivisión general |
Antigüedades. |
| 9 (RLIN) |
5033 |
| 651 24 - PUNTO DE ACCESO ADICIONAL DE MATERIA--NOMBRE GEOGRÁFICO |
| Nombre geográfico |
Jordania |
| Subdivisión general |
Antigüedades. |
| 9 (RLIN) |
5034 |
| 700 1# - ENTRADA AGREGADA--NOMBRE PERSONAL |
| Nombre de persona |
Mazar, Amihay, |
| Fechas asociadas al nombre |
1942- |
| Término indicativo de función/relación |
editor. |
| 700 1# - ENTRADA AGREGADA--NOMBRE PERSONAL |
| Nombre de persona |
Mathias, Ginny. |
| Término indicativo de función/relación |
asistente. |
| 710 2# - ENTRADA AGREGADA--NOMBRE DE ENTIDAD CORPORATIVA |
| Nombre de entidad corporativa o nombre de jurisdicción como elemento de entrada |
Institute of Jewish Studies (London, England) |
| 942 ## - ELEMENTOS DE ENTRADA SECUNDARIOS (KOHA) |
| Fuente del sistema de clasificación o colocación |
Clasificación Decimal Dewey |
| Tipo de ítem Koha |
Libros físicos |
| Suprimir en OPAC |
No |
| 980 ## - EQUIVALENCIA O REFERENCIA-CRUZADA-MENCIÓN DE SERIE--NOMBRE DE PERSONA/TÍTULO [LOCAL, CANADÁ] |
| ID del usuario creador del registro |
18226 |
| Nombre del creador del registro |
Jaime Vilcazán Jefe de Análisis Documental |
| ID del último usuario que modificó el registro |
1 |
| Nombre del último usuario que modificó el registro |
ALBERTO SANCHEZ Responsable de Automatización |